Oceania - Capitals - Statistics

General Stats
  • This quiz has been taken 10 times
  • The average score is 11 of 14
Answer Stats
Country Answer % Correct
Australia Canberra
100%
Tuvalu Funafuti
90%
Fiji Suva
90%
New Zealand Wellington
90%
Samoa Apia
80%
Solomon Islands Honiara
80%
Papua New Guinea Port Moresby
80%
Nauru Yaren
80%
Marshall Islands Majuro
70%
Micronesia Palikir
70%
Kiribati Tarawa
70%
Palau Ngerulmud
60%
Tonga Nuku'alofa
60%
Vanuatu Port Vila
50%
No matching quizzes found
Score Distribution
Percent of People with Each Score
Percentile by Number Answered
Your Score History
You have not taken this quiz